000 00523nam a22001697a 4500
999 _c60564
_d60564
005 20230906111552.0
008 230906s1991 enk||||| |||| 00| 0 eng d
020 _a9780253206008
041 _aeng
080 _a94 B-96
100 _aBurns, Thomas S.
_919774
245 _aA History of the Ostrogoths /
_cThomas S. Burns.
264 _aBloomington:
_b‎ Indiana University Press,
_c1991.
300 _a300 p. :
_b ill.;
_c24 cm.
653 _aოსტროგოთების ისტორია
942 _2udc
_cBK